[Event "6th Gibtelecom Masters"]
[Site "Gibraltar ENG"]
[Date "2008.01.29"]
[Round "8"]
[White "Reppen,E"]
[Black "Hickman,J"]
[Result "1/2-1/2"]
[WhiteElo "1918"]
[BlackElo "2009"]
[EventDate "2008.01.22"]

1. e4 d6 2. d4 Nf6 3. Nc3 g6 4. Nf3 Bg7 5. h3 O-O 6. Be3 a6 7. Qd2 b5 8.
Bd3 Bb7 9. a3 Nbd7 10. Bh6 c5 11. Bxg7 Kxg7 12. e5 Nd5 13. Nxd5 Bxd5 14.
exd6 exd6 15. Be2 Nf6 16. dxc5 dxc5 17. O-O Qc7 18. Qc3 Rfe8 19. Rfe1 h6
20. Nh2 Qe5 21. Qxe5 Rxe5 22. Bf3 Rae8 23. Rxe5 Rxe5 24. Bxd5 Rxd5 25. Nf3
Ne4 26. Kf1 f5 27. Rc1 c4 28. Ke1 c3 29. bxc3 Nxc3 30. Kf1 Kf6 31. g3 g5
32. Ne1 Rd4 33. Nd3 Rc4 34. f4 Na2 35. Rd1 Rxc2 36. Ne5 Rc1 37. Rxc1 Nxc1
38. Nd7+ Ke7 39. fxg5 hxg5 40. Ne5 Nb3 41. Ke2 Ke6 42. Nf3 Kf6 43. Kd3 Na5
44. Kc3 Nc4 45. a4 Ne5 46. axb5 axb5 47. Nd4 f4 48. gxf4 gxf4 49. Nxb5 f3
50. Kd2 Kg5 51. Ke3 Kh4 52. Nd4 Kxh3 1/2-1/2

[Event "6th Gibtelecom Masters"]
[Site "Gibraltar ENG"]
[Date "2008.01.29"]
[Round "8"]
[White "Matto,M"]
[Black "Lindsoe,F"]
[Result "0-1"]
[WhiteElo "1886"]
[BlackElo "2001"]
[EventDate "2008.01.22"]

1. d4 Nf6 2. Nf3 e6 3. Nc3 d5 4. h3 c5 5. e3 Nc6 6. a3 a5 7. Bd2 Ne4 8. Bb5
Bd7 9. O-O f5 10. Bxc6 Bxc6 11. Ne5 Qf6 12. Nxe4 dxe4 13. Bc3 Bb5 14. Re1
Bd6 15. a4 Ba6 16. f4 exf3 17. Qxf3 Bxe5 18. dxe5 Qd8 19. Rad1 Qc7 20. Rd6
Bc4 21. Qh5+ g6 22. Qg5 O-O 23. Red1 Bd5 24. h4 Qf7 25. b3 b5 26. axb5 a4
27. b4 cxb4 28. Bxb4 Rfc8 29. c3 Kg7 30. b6 Rc4 31. b7 Rb8 32. Rd4 Rxb7 33.
Rd8 h6 34. Qf4 Rbxb4 35. cxb4 Rc2 36. e4 fxe4 37. Qxf7+ Kxf7 38. R8xd5 exd5
39. Rxd5 Rb2 40. Rd4 a3 41. Kh2 a2 42. Rd7+ Ke6 43. Ra7 e3 44. Kg3 e2 45.
Kf2 e1=Q+ 46. Kxe1 Rb1+ 47. Kd2 a1=Q 48. Rxa1 Rxa1 49. Kc3 Kxe5 50. Kb2 Ra8
51. g3 Kf5 0-1

[Event "6th Gibtelecom Masters"]
[Site "Gibraltar ENG"]
[Date "2008.01.29"]
[Round "8"]
[White "Munz,J"]
[Black "Pettersson,A"]
[Result "1/2-1/2"]
[WhiteElo "1861"]
[BlackElo "1984"]
[EventDate "2008.01.22"]

1. e4 c5 2. c3 d5 3. exd5 Qxd5 4. d4 cxd4 5. cxd4 Nf6 6. Nc3 Qd8 7. Nf3 e6
8. Bd3 Nc6 9. Bc2 Be7 10. O-O Nb4 11. Bb1 O-O 12. Bg5 Re8 13. a3 Nbd5 14.
Qd3 g6 15. h4 b6 16. Ne2 a5 17. Re1 Ba6 18. Qd2 Bxe2 19. Qxe2 Nh5 20. Bxe7
Qxe7 21. Ba2 Qb7 22. Qb5 Nhf6 23. Rac1 Rac8 24. Ne5 1/2-1/2

[Event "6th Gibtelecom Masters"]
[Site "Gibraltar ENG"]
[Date "2008.01.29"]
[Round "8"]
[White "Petrovic,Mark"]
[Black "Gonzalez Amaya,M"]
[Result "1-0"]
[WhiteElo "1983"]
[BlackElo "1823"]
[EventDate "2008.01.22"]

1. e4 d6 2. d4 Nd7 3. Nc3 e5 4. Nf3 Ngf6 5. Bc4 h6 6. dxe5 dxe5 7. O-O c6
8. Qe2 Qc7 9. Nh4 g6 10. f4 Bc5+ 11. Kh1 Bd4 12. Nf3 Nb6 13. Nxe5 Nxc4 14.
Nxc4 Bg4 15. Qe1 O-O-O 16. e5 Rhe8 17. Be3 Bxc3 18. bxc3 Nd5 19. Bc5 Rg8
20. Nd6+ Kb8 21. c4 Nb6 22. Rb1 Be6 23. Qa5 Bxc4 24. Rfc1 Ba6 25. Bxb6 axb6
26. Rxb6 Ka8 1-0

[Event "6th Gibtelecom Masters"]
[Site "Gibraltar ENG"]
[Date "2008.01.29"]
[Round "8"]
[White "Reichard,S"]
[Black "Kuenitz,K"]
[Result "0-1"]
[WhiteElo "1967"]
[BlackElo "1645"]
[EventDate "2008.01.22"]

1. e4 e6 2. d4 d5 3. exd5 exd5 4. c4 Nf6 5. Nc3 Be7 6. Bd3 O-O 7. Nge2 dxc4
8. Bxc4 Nbd7 9. O-O Nb6 10. Bd3 Nbd5 11. b3 Bg4 12. f3 Nxc3 13. Nxc3 Qxd4+
14. Kh1 Qxc3 15. Bf4 Rad8 16. fxg4 Rxd3 17. Qe2 Bd6 18. Bg5 Re8 19. Qf2 Qc5
20. Qh4 Be5 21. Rae1 Re6 22. Rf5 Qd4 0-1

[Event "6th Gibtelecom Masters"]
[Site "Gibraltar ENG"]
[Date "2008.01.30"]
[Round "9"]
[White "Cmilyte,V"]
[Black "Areshchenko,A"]
[Result "1/2-1/2"]
[WhiteElo "2475"]
[BlackElo "2645"]
[EventDate "2008.01.22"]

1. d4 Nf6 2. c4 g6 3. Nf3 Bg7 4. g3 d5 5. cxd5 Nxd5 6. Bg2 Nb6 7. Nc3 Nc6
8. e3 O-O 9. O-O Re8 10. d5 Na5 11. Nd4 Bd7 12. Nb3 Nac4 13. Nc5 Bc8 14.
Qc2 Nd7 15. Nxd7 Bxd7 16. b3 Nd6 17. Bb2 Rc8 18. Ne4 Nxe4 19. Bxe4 c6 20.
dxc6 Bxc6 21. Bxg7 Kxg7 22. Rfd1 Qb6 23. Bxc6 Rxc6 24. Qb2+ f6 25. Rd7 Rd6
26. Rd1 Rxd1+ 27. Rxd1 Rd8 28. Rxd8 Qxd8 29. Qc2 Qd5 1/2-1/2

[Event "6th Gibtelecom Masters"]
[Site "Gibraltar ENG"]
[Date "2008.01.30"]
[Round "9"]
[White "Socko,B"]
[Black "Gopal,G"]
[Result "0-1"]
[WhiteElo "2635"]
[BlackElo "2528"]
[EventDate "2008.01.22"]

1. d4 Nf6 2. c4 g6 3. Nc3 d5 4. Nf3 Bg7 5. e3 O-O 6. b4 c6 7. Bb2 Bf5 8.
Be2 dxc4 9. Bxc4 b5 10. Bb3 a5 11. bxa5 Qxa5 12. O-O Nbd7 13. Qe2 b4 14.
Na4 Qb5 15. Qxb5 cxb5 16. Nc5 Nxc5 17. dxc5 Ne4 18. Bxg7 Kxg7 19. Rfc1 Nc3
20. Kf1 Ra3 21. Nd4 Rc8 22. Nxf5+ gxf5 23. Rc2 Rxc5 24. Rd1 Ne4 25. Rb2 Rc3
26. g4 fxg4 27. Rd4 f5 28. Rxb4 Rc1+ 29. Kg2 Ng5 30. Bd5 Rd3 31. Rxb5 f4
32. f3 Nh3 33. fxg4 fxe3 34. R5b3 Nf4+ 35. Kg3 Rxb3 36. Rxb3 Nxd5 0-1

[Event "6th Gibtelecom Masters"]
[Site "Gibraltar ENG"]
[Date "2008.01.30"]
[Round "9"]
[White "Banikas,H"]
[Black "Wippermann,T"]
[Result "1-0"]
[WhiteElo "2592"]
[BlackElo "2435"]
[EventDate "2008.01.22"]

1. d4 Nf6 2. c4 e6 3. Nc3 Bb4 4. e3 b6 5. Bd3 Bb7 6. Nf3 Ne4 7. Qc2 f5 8.
O-O Bxc3 9. bxc3 O-O 10. Nd2 Qh4 11. f3 Nxd2 12. Bxd2 Nc6 13. Rab1 d6 14.
e4 fxe4 15. Bxe4 Na5 16. Bxb7 Nxb7 17. Rbe1 Rae8 18. Re4 Qh5 19. Rfe1 Qg6
20. Qd1 d5 21. Rg4 Qh5 22. Bf4 Nd6 23. Re5 Rf5 24. cxd5 exd5 25. Qe2 Qf7
26. Rxe8+ Qxe8 27. Qxe8+ Nxe8 28. Be5 c6 29. Kf1 Nf6 30. Rg3 Nh5 31. Rh3
Nf4 32. Bxf4 Rxf4 33. Rh5 h6 34. Re5 Kf7 35. Kf2 Rf6 36. Ke3 Rd6 37. h4 Rd8
38. f4 c5 39. f5 Rd6 40. g4 c4 41. a4 a6 42. g5 hxg5 43. hxg5 b5 44. axb5
axb5 45. Kd2 Rd8 46. Kc2 Rh8 47. Rxd5 Rh2+ 48. Kc1 Rg2 49. Rd7+ Kf8 50. g6
Rf2 51. Rf7+ Ke8 52. Kb1 1-0

[Event "6th Gibtelecom Masters"]
[Site "Gibraltar ENG"]
[Date "2008.01.30"]
[Round "9"]
[White "Bellin,R"]
[Black "Berg,E"]
[Result "1/2-1/2"]
[WhiteElo "2385"]
[BlackElo "2583"]
[EventDate "2008.01.22"]

1. Nf3 Nf6 2. b3 g6 3. Bb2 Bg7 4. c4 O-O 5. e3 c5 6. Be2 b6 7. O-O Bb7 8.
d3 Nc6 9. Nbd2 Re8 10. a3 a6 11. Qc2 Rc8 12. Rac1 d6 13. Qb1 b5 14. Qa1 e5
15. Rfe1 Qb6 16. d4 cxd4 17. exd4 exd4 18. cxb5 axb5 19. Nxd4 Ne4 20. N2f3
Ne5 21. Rxc8 Rxc8 22. h3 h5 23. Rf1 Nxf3+ 24. Bxf3 Nd2 25. Bxb7 Qxb7 26.
Rd1 Bxd4 27. Rxd2 Bxb2 28. Qxb2 Qc6 29. Kh2 Qc3 30. Qxc3 Rxc3 31. a4 Rxb3
32. axb5 Rxb5 1/2-1/2

[Event "6th Gibtelecom Masters"]
[Site "Gibraltar ENG"]
[Date "2008.01.30"]
[Round "9"]
[White "Al Modiahki,M"]
[Black "Aloma Vidal,R"]
[Result "1-0"]
[WhiteElo "2569"]
[BlackElo "2393"]
[EventDate "2008.01.22"]

1. e4 Nf6 2. e5 Nd5 3. d4 d6 4. c4 Nb6 5. exd6 exd6 6. h3 Be7 7. Nf3 O-O 8.
Be2 Bf6 9. O-O Re8 10. Nc3 N8d7 11. Be3 Nf8 12. Qc2 c6 13. Rad1 g6 14. c5
Bf5 15. Qb3 Be6 16. Qb4 Nd5 17. Qxb7 Nxc3 18. bxc3 dxc5 19. Qxc6 cxd4 20.
Nxd4 Bd5 21. Qa4 Re4 22. c4 Qe8 23. Qxe8 Raxe8 24. Nb5 Bxc4 25. Bxc4 Rxc4
26. Nd6 Rcc8 1-0

[Event "6th Gibtelecom Masters"]
[Site "Gibraltar ENG"]
[Date "2008.01.30"]
[Round "9"]
[White "Sulskis,S"]
[Black "Foisor,C"]
[Result "1-0"]
[WhiteElo "2553"]
[BlackElo "2412"]
[EventDate "2008.01.22"]

1. e4 c6 2. d4 g6 3. c4 Bg7 4. Nc3 d6 5. Be3 a6 6. c5 dxc5 7. dxc5 Bxc3+ 8.
bxc3 Qxd1+ 9. Rxd1 Be6 10. Rb1 Ra7 11. a4 Nf6 12. Bd3 a5 13. Nf3 O-O 14.
O-O Na6 15. Nd4 Bc8 16. f3 Ra8 17. Be2 Re8 18. Nb3 Be6 19. Nd4 Bc8 20. Nb3
Be6 21. Rfd1 h5 22. h4 Nd7 23. Bxa6 Rxa6 24. Nd4 Bc4 25. Nxc6 Rxc6 26. Rxd7
Ba6 27. Rb6 Rec8 28. Rxe7 Kf8 29. Rbxb7 Bxb7 30. Rxb7 R8c7 31. Rb5 Ra7 32.
Kf2 Ke7 33. Bf4 f6 34. Bb8 Ra8 35. Bd6+ Ke6 36. Rb7 Re8 37. Ke3 Rcc8 38.
Kd4 Rcd8 39. f4 Ra8 40. Rg7 Rad8 41. g3 Ra8 42. Kc4 Rad8 43. Kb5 Ra8 44. c4
Rad8 45. Kxa5 Rxd6 46. cxd6 Kxd6 47. Rxg6 Kc5 48. Rxf6 Ra8+ 49. Ra6 Rg8 50.
Ra7 Rxg3 51. Rc7+ Kd6 52. Rh7 Rg4 53. Kb6 1-0

[Event "6th Gibtelecom Masters"]
[Site "Gibraltar ENG"]
[Date "2008.01.30"]
[Round "9"]
[White "Hebden,M"]
[Black "Forsaa,E"]
[Result "1-0"]
[WhiteElo "2530"]
[BlackElo "2285"]
[EventDate "2008.01.22"]

1. d4 Nf6 2. Nf3 e6 3. c3 c5 4. Bg5 Qb6 5. Nbd2 Qxb2 6. Nc4 Qxc3+ 7. Bd2
Qxc4 8. e4 Qxf1+ 9. Kxf1 Nxe4 10. Ng5 Nxd2+ 11. Qxd2 h6 12. Nf3 b6 13. Rc1
Ba6+ 14. Kg1 d5 15. dxc5 Bxc5 16. h4 Nd7 17. Qf4 Bc4 18. a4 Ke7 19. Ne5
Nxe5 20. Qxe5 Bd6 21. Qxg7 Rag8 22. Qb2 Rh7 23. g3 Rhg7 24. Rc3 f5 25. Kg2
Rg4 26. Re1 Kd7 27. Rxc4 Rxc4 28. Qb5+ Rc6 29. Rxe6 Kxe6 30. Qxc6 f4 31.
Qc2 Rg7 32. Qe2+ Kd7 33. g4 Re7 34. Qd3 Re5 35. Qh7+ Kc6 36. Qxh6 Re4 37.
g5 1-0

[Event "6th Gibtelecom Masters"]
[Site "Gibraltar ENG"]
[Date "2008.01.30"]
[Round "9"]
[White "Szabo,Krisz1"]
[Black "Foisor,S"]
[Result "1-0"]
[WhiteElo "2500"]
[BlackElo "2386"]
[EventDate "2008.01.22"]

1. e4 e6 2. d4 d5 3. Nc3 Bb4 4. e5 c5 5. a3 Bxc3+ 6. bxc3 Qa5 7. Bd2 Qa4 8.
Qb1 c4 9. Ne2 f6 10. exf6 Nxf6 11. g3 O-O 12. Bg2 Nc6 13. Bf4 Bd7 14. O-O
b6 15. Qb2 Rae8 16. Bd6 Rf7 17. Rae1 Ne4 18. Bf4 Ne7 19. f3 Nf6 20. Be5 Nf5
21. Qc1 Qa5 22. h4 Ba4 23. Qd2 Nd7 24. Bf4 Nf8 25. h5 Qb5 26. g4 Ne7 27.
Rb1 Qd7 28. Bh2 Nc8 29. Rfe1 Qd8 30. Nf4 g6 31. Re5 g5 32. Nh3 h6 33. Rbe1
Rg7 34. R5e2 Qe7 35. Be5 Rf7 36. Bg3 Rg7 37. f4 gxf4 38. Qxf4 Qf7 39. Qxf7+
Kxf7 40. Bf3 Nh7 41. Bf4 Ng5 42. Bxg5 hxg5 43. Re5 Bxc2 44. Bxd5 exd5 45.
Rf1+ 1-0

[Event "6th Gibtelecom Masters"]
[Site "Gibraltar ENG"]
[Date "2008.01.30"]
[Round "9"]
[White "Zhao Zong Yuan"]
[Black "Goldsztejn,G"]
[Result "1-0"]
[WhiteElo "2487"]
[BlackElo "2380"]
[EventDate "2008.01.22"]

1. e4 e5 2. Nf3 Nc6 3. Bb5 a6 4. Ba4 Nf6 5. O-O Be7 6. Re1 b5 7. Bb3 d6 8.
c3 O-O 9. h3 Na5 10. Bc2 d5 11. d4 dxe4 12. Nxe5 c5 13. Be3 Bb7 14. Nd2 Nd5
15. Nxe4 Nxe3 16. fxe3 Qd5 17. Nf3 cxd4 18. exd4 f5 19. Ned2 Bd6 20. Qe2
Bg3 21. Qe6+ Qxe6 22. Rxe6 Bd5 23. Re2 Rae8 24. Ne5 Nc6 25. Bb3 Bxb3 26.
axb3 Nxe5 27. dxe5 Bxe5 28. Nf3 Bh2+ 29. Kf1 Rxe2 30. Kxe2 Rf6 1-0

[Event "6th Gibtelecom Masters"]
[Site "Gibraltar ENG"]
[Date "2008.01.30"]
[Round "9"]
[White "Welling,G"]
[Black "Socko,M"]
[Result "0-1"]
[WhiteElo "2371"]
[BlackElo "2479"]
[EventDate "2008.01.22"]

1. g3 g6 2. Bg2 Bg7 3. c4 Nf6 4. Nc3 d6 5. Nf3 O-O 6. O-O c6 7. Rb1 e5 8.
d3 Re8 9. Bg5 h6 10. Bxf6 Qxf6 11. b4 Qe7 12. b5 f5 13. bxc6 Nxc6 14. Nd5
Qf7 15. Nd2 Be6 16. e3 Rad8 17. f4 Kh7 18. g4 Qd7 19. gxf5 Bxf5 20. Ne4 Rf8
21. fxe5 Bxe5 22. d4 Bg7 23. Rb2 Rde8 24. Ng3 Be6 25. Rxf8 Rxf8 26. Be4
Bxd5 27. Bxd5 Qe7 28. Be4 Qg5 29. Rxb7 Qxe3+ 30. Kh1 Nxd4 31. Qg4 Qe1+ 32.
Kg2 Qf2+ 33. Kh3 Rf6 34. Rxg7+ Kxg7 35. Nh5+ Kh7 36. Nxf6+ Qxf6 37. Qd7+
Kh8 38. Qe8+ Kg7 39. Qd7+ Qf7 40. Qxf7+ Kxf7 41. Kg4 Kf6 42. a3 Ne6 43. h4
h5+ 44. Kg3 Nd4 45. Kh3 Nf5 0-1

[Event "6th Gibtelecom Masters"]
[Site "Gibraltar ENG"]
[Date "2008.01.30"]
[Round "9"]
[White "Greet,A"]
[Black "Thomassen,J"]
[Result "0-1"]
[WhiteElo "2444"]
[BlackElo "2308"]
[EventDate "2008.01.22"]

1. e4 c5 2. Nf3 e6 3. c3 Nf6 4. e5 Nd5 5. d4 cxd4 6. cxd4 b6 7. Bd3 Bb7 8.
O-O Be7 9. Nc3 Nxc3 10. bxc3 Qc7 11. c4 d5 12. exd6 Bxd6 13. Bb2 Nd7 14.
Re1 O-O 15. Rc1 Rad8 16. d5 Bf4 17. Rc3 Nc5 18. Bb1 exd5 19. Nd4 g6 20. Nf5
d4 21. Rh3 Ne6 22. Qg4 Rfe8 23. Qh4 h5 24. Qf6 Bg5 25. Nh6+ Bxh6 26. Bxg6
Ng5 27. Rhe3 Rxe3 28. Rxe3 Qd6 29. Bxf7+ Nxf7 30. Rg3+ Bg5 31. Rxg5+ Nxg5
32. Qxg5+ Kf7 33. f3 Rg8 34. Qf5+ Qf6 35. Qd7+ Qe7 36. Qf5+ Ke8 37. Kf1 Rg5
38. Qd3 Qe3 39. Qh7 Re5 40. Qg8+ Kd7 41. Qf7+ Re7 0-1

[Event "6th Gibtelecom Masters"]
[Site "Gibraltar ENG"]
[Date "2008.01.30"]
[Round "9"]
[White "Karim,I"]
[Black "Hillarp Persson,T"]
[Result "1-0"]
[WhiteElo "2347"]
[BlackElo "2535"]
[EventDate "2008.01.22"]

1. e4 c5 2. Nf3 d6 3. Nc3 Nf6 4. d4 cxd4 5. Qxd4 e5 6. Qd1 h6 7. Bc4 Be7 8.
O-O Nc6 9. h3 O-O 10. Re1 Be6 11. Bf1 Rc8 12. Nd5 Bxd5 13. exd5 Nb8 14. c4
Nbd7 15. b4 b6 16. Be3 Nh7 17. Qa4 Rc7 18. Rac1 f5 19. c5 bxc5 20. bxc5
dxc5 21. Bd2 e4 22. Ba5 Nb6 23. Bxb6 axb6 24. Ne5 Ng5 25. Qb3 Bd6 26. Nc4
Rf6 27. Kh1 Kh7 28. Qxb6 Bf4 29. d6 Bxd6 30. Rcd1 Nf7 31. a4 Qe7 32. Qb3
Rb7 33. Qc3 Be5 34. Nxe5 Nxe5 35. Rd5 Nd7 36. a5 Rc7 37. Bc4 Nf8 38. Re5
Qd6 39. Rd5 Qf4 40. Qe3 1-0

[Event "6th Gibtelecom Masters"]
[Site "Gibraltar ENG"]
[Date "2008.01.30"]
[Round "9"]
[White "Jaksland,T"]
[Black "Al Sayed,Mohamad"]
[Result "0-1"]
[WhiteElo "2294"]
[BlackElo "2486"]
[EventDate "2008.01.22"]

1. e4 c5 2. b3 Nf6 3. e5 Nd5 4. Nf3 Nc6 5. Bb2 d6 6. Bb5 Bg4 7. h3 Bh5 8.
O-O e6 9. Nc3 Nxc3 10. dxc3 Qb6 11. Bxc6+ Qxc6 12. g4 Bg6 13. exd6 Bxd6 14.
Qe2 h5 15. g5 Bf5 16. h4 O-O-O 17. Rfe1 f6 18. c4 Rhf8 19. Qe3 Bg4 20. Nh2
Bxh2+ 21. Kxh2 fxg5 22. hxg5 Rf3 23. Qe4 Rh3+ 24. Kg1 Qxe4 0-1

[Event "6th Gibtelecom Masters"]
[Site "Gibraltar ENG"]
[Date "2008.01.30"]
[Round "9"]
[White "Foisor,O"]
[Black "Navarro Torres,P"]
[Result "1-0"]
[WhiteElo "2401"]
[BlackElo "2210"]
[EventDate "2008.01.22"]

1. c4 Nf6 2. g3 g6 3. Bg2 Bg7 4. Nc3 O-O 5. e4 d6 6. Nge2 c6 7. O-O a5 8.
h3 Na6 9. d3 Bd7 10. Be3 b5 11. Qd2 b4 12. Nd1 Qc8 13. Kh2 Be6 14. Rc1 Qd7
15. f4 d5 16. cxd5 cxd5 17. e5 Ne8 18. d4 Nec7 19. Nf2 Rfc8 20. g4 f5 21.
Ng3 Bf7 22. gxf5 gxf5 23. Bf3 e6 24. Be2 Nb5 25. Bd3 a4 26. Qe2 Rcb8 27.
Nh5 Bxh5 28. Qxh5 a3 29. Ng4 axb2 30. Rc2 Qf7 31. Nh6+ Bxh6 32. Qxh6 Nc3
33. Rxb2 Nc7 34. Bd2 Kh8 35. Rg1 Ne8 36. Be1 Rc8 37. Bh4 Rxa2 38. Rxa2 Nxa2
39. Bxf5 1-0

[Event "6th Gibtelecom Masters"]
[Site "Gibraltar ENG"]
[Date "2008.01.30"]
[Round "9"]
[White "Vea,O"]
[Black "Houska,Jo"]
[Result "0-1"]
[WhiteElo "2168"]
[BlackElo "2393"]
[EventDate "2008.01.22"]

1. d4 Nf6 2. Nf3 d5 3. g3 c6 4. Bg2 Bf5 5. O-O e6 6. Nh4 Bg4 7. Nd2 Be7 8.
c4 O-O 9. Re1 Nbd7 10. Qb3 Qb6 11. Qxb6 axb6 12. h3 Bh5 13. g4 Bg6 14. Nxg6
hxg6 15. e4 dxc4 16. Nxc4 b5 17. Ne3 Rfd8 18. Nc2 e5 19. Be3 exd4 20. Bxd4
Bc5 21. a3 Bxd4 22. Nxd4 Ne5 23. Rad1 Ne8 24. b3 g5 25. Nc2 Nc7 26. Kf1 Ne6
27. Rxd8+ Rxd8 28. Ne3 Rd3 29. Rb1 Rd2 30. a4 Nd3 31. Rd1 Rxd1+ 32. Nxd1 b4
33. Ne3 Nd4 34. Kg1 Nxb3 35. Bf1 Nbc5 36. Nc4 b3 37. Nd2 b2 38. a5 Nxe4 0-1

[Event "6th Gibtelecom Masters"]
[Site "Gibraltar ENG"]
[Date "2008.01.30"]
[Round "9"]
[White "Rendle,T"]
[Black "Ocana Roca,J"]
[Result "0-1"]
[WhiteElo "2393"]
[BlackElo "2127"]
[EventDate "2008.01.22"]

1. e4 c5 2. Nc3 g6 3. f4 Bg7 4. Nf3 e6 5. d4 cxd4 6. Nxd4 a6 7. Be3 Nc6 8.
Nxc6 bxc6 9. Bd4 Nf6 10. e5 Nd5 11. Nxd5 cxd5 12. Qd2 a5 13. O-O-O a4 14.
a3 h5 15. g3 Ba6 16. h3 Qc7 17. g4 hxg4 18. Bxa6 Rxa6 19. hxg4 Rg8 20. Rh7
Qc4 21. Bc3 Rc6 22. Qf2 Bf8 23. Rd4 Qa6 24. Bb4 Rc4 25. Bxf8 Rxf8 26. Rxc4
Qxc4 27. Rh3 g5 28. f5 Qf4+ 29. Qxf4 gxf4 30. Rf3 d6 31. exd6 e5 32. Rd3 d4
33. c3 Kd7 34. cxd4 e4 35. Rd1 e3 36. Rh1 f3 37. Kd1 Rc8 38. g5 e2+ 39. Kd2
Rc2+ 40. Ke3 f2 41. Kxf2 e1=Q+ 42. Kxe1 Rc1+ 43. Kf2 Rxh1 44. g6 fxg6 45.
fxg6 Rh6 0-1

[Event "6th Gibtelecom Masters"]
[Site "Gibraltar ENG"]
[Date "2008.01.30"]
[Round "9"]
[White "Kozlov,O"]
[Black "Jakobsen,O"]
[Result "1-0"]
[WhiteElo "2144"]
[BlackElo "2372"]
[EventDate "2008.01.22"]

1. c4 e5 2. g3 Nf6 3. Bg2 d5 4. cxd5 Nxd5 5. Nc3 Nb6 6. Nf3 Nc6 7. O-O Be7
8. a3 Be6 9. d3 O-O 10. Be3 f6 11. Rc1 Qd7 12. Re1 Nd4 13. Bxd4 exd4 14.
Ne4 c6 15. Nc5 Bxc5 16. Rxc5 Rad8 17. Qd2 Rfe8 18. Qc2 Bd5 19. b4 Qf7 20.
Rb1 a6 21. Qd1 Nd7 22. Rcc1 Ne5 23. Ne1 Qh5 24. Rb2 Bxg2 25. Kxg2 Qg6 26.
a4 Rd5 27. Rc5 Qf7 28. Qb3 Red8 29. h3 h5 30. Rxd5 Rxd5 31. Nf3 Nxf3 32.
exf3 Qe6 33. b5 axb5 34. axb5 cxb5 35. Re2 Qd6 36. Re7 Qxe7 37. Qxd5+ Qf7
38. Qxd4 Qb3 39. Qd8+ Kh7 40. d4 b4 41. Qa5 Kg6 42. g4 hxg4 43. hxg4 1-0

[Event "6th Gibtelecom Masters"]
[Site "Gibraltar ENG"]
[Date "2008.01.30"]
[Round "9"]
[White "Quillan,G"]
[Black "Lovik,L"]
[Result "1-0"]
[WhiteElo "2362"]
[BlackElo "2052"]
[EventDate "2008.01.22"]

1. e4 e6 2. d4 d5 3. Nd2 Nf6 4. e5 Nfd7 5. c3 c5 6. Bd3 Nc6 7. Ne2 cxd4 8.
cxd4 f6 9. exf6 Nxf6 10. O-O Bd6 11. Nf3 O-O 12. Bg5 Qc7 13. Rc1 Ng4 14.
Ng3 e5 15. Qb3 Qf7 16. h3 Be6 17. Bf5 Bxf5 18. Nxf5 Qxf5 19. Qxd5+ Kh8 20.
hxg4 Qxg4 21. dxe5 Bxe5 22. Nxe5 Nxe5 23. Qxe5 Rf5 24. Qe7 Rxg5 25. Qxb7
Rf8 26. Rc3 Qd4 27. Rf3 Rg8 28. Qb3 Rd8 29. Re1 h6 30. Rfe3 Rf8 31. Rf3 Rd8
32. a3 Qd2 33. Qc3 Qd5 34. Rg3 Rxg3 35. Qxg3 Qd2 36. Qe5 Qd6 37. Qxd6 Rxd6
38. Re7 Rb6 39. b4 Ra6 40. Re3 Rc6 41. Kf1 Rc2 42. Re8+ Kh7 43. Ra8 Rc7 44.
Ke2 Rd7 45. Ke3 Kg6 46. a4 Kf5 47. Rb8 Ke5 48. a5 h5 49. Rb5+ Rd5 50. Rxd5+
Kxd5 51. b5 Kc5 52. b6 axb6 53. axb6 Kxb6 54. Kf4 h4 55. Kg5 Kc6 56. Kxh4
Kd6 57. Kg5 Ke7 58. Kg6 Kf8 59. f4 Kg8 60. f5 Kh8 61. g3 Kg8 62. g4 Kh8 63.
Kf7 Kh7 64. g5 Kh8 65. f6 Kh7 66. g6+ 1-0

[Event "6th Gibtelecom Masters"]
[Site "Gibraltar ENG"]
[Date "2008.01.30"]
[Round "9"]
[White "Tate,A"]
[Black "Dimitrov,Pa"]
[Result "1/2-1/2"]
[WhiteElo "2163"]
[BlackElo "2448"]
[EventDate "2008.01.22"]

1. e4 b6 2. d4 Bb7 3. Nc3 e6 4. Nf3 Bb4 5. Bd3 Nf6 6. Bg5 h6 7. Bxf6 Qxf6
8. a3 Bxc3+ 9. bxc3 d5 10. Qe2 Nd7 11. a4 a5 12. O-O O-O 13. Nd2 e5 14. Qe3
Qe7 15. f4 Nf6 16. fxe5 dxe4 17. Rf5 exd3 18. cxd3 Bc8 19. Rxf6 Qe8 1/2-1/2

[Event "6th Gibtelecom Masters"]
[Site "Gibraltar ENG"]
[Date "2008.01.30"]
[Round "9"]
[White "Caspi,I"]
[Black "Makka,I"]
[Result "0-1"]
[WhiteElo "2378"]
[BlackElo "2186"]
[EventDate "2008.01.22"]

1. d4 e6 2. c4 Nf6 3. Nf3 d5 4. g3 dxc4 5. Bg2 Nc6 6. O-O Rb8 7. e3 b5 8.
Qe2 a6 9. Rd1 Bb7 10. a4 Nb4 11. axb5 axb5 12. Nc3 c6 13. Ne5 Be7 14. b3
Nfd5 15. Bd2 cxb3 16. Nxd5 Nxd5 17. e4 b2 18. Ra2 Nb6 19. d5 exd5 20. exd5
Nxd5 21. Ba5 Qd6 22. Bxd5 cxd5 23. Bb4 Qxb4 24. Rxb2 Qc5 25. Re1 Ba8 26.
Qg4 O-O 27. Nd7 Qd6 28. Rbe2 f5 29. Qh5 g6 30. Qh6 Bf6 31. Nxb8 Qxb8 32.
Re7 Bxe7 33. Rxe7 Rf7 34. Rxf7 Kxf7 35. Qxh7+ Kf6 36. g4 fxg4 37. Qh4+ Kf5
38. Qe7 d4 39. Qf7+ Ke5 40. Qxg6 Qb7 41. Qg5+ Kd6 0-1

[Event "6th Gibtelecom Masters"]
[Site "Gibraltar ENG"]
[Date "2008.01.30"]
[Round "9"]
[White "Vinas Guerrero,C"]
[Black "Dimitrov,R"]
[Result "0-1"]
[WhiteElo "2129"]
[BlackElo "2341"]
[EventDate "2008.01.22"]

1. e4 e6 2. d4 d5 3. exd5 exd5 4. Nf3 Bd6 5. Bd3 Bg4 6. O-O Nc6 7. c3 Nge7
8. Bg5 Qd7 9. Nbd2 O-O-O 10. b4 f6 11. Bh4 Nf5 12. Qb1 Nxh4 13. Nxh4 Ne7
14. a4 g5 15. Nhf3 Bf5 16. b5 Bxd3 17. Qxd3 Ng6 18. Rfb1 Nf4 19. Qf1 Rde8
20. c4 dxc4 21. Nxc4 g4 22. b6 cxb6 23. Nh4 Bc7 24. Ne3 Rhg8 25. Qc4 Qxd4
26. Rc1 Qxc4 27. Rxc4 Kb8 28. g3 Be5 29. Rd1 Ne2+ 30. Kf1 Nc3 31. Rd3 Rc8
32. Rxg4 Rxg4 33. Nxg4 Nxa4 34. f4 Bc3 35. Nf5 b5 36. Ne7 Re8 37. Nd5 b4
38. Ngxf6 Re1+ 39. Kf2 Rc1 40. Nd7+ Kc8 41. Ne7+ Kc7 42. Nd5+ Kc6 43. Ne7+
Kb5 44. Rd5+ Kc4 45. Ra5 b5 46. Rxa7 0-1

[Event "6th Gibtelecom Masters"]
[Site "Gibraltar ENG"]
[Date "2008.01.30"]
[Round "9"]
[White "Vul,A"]
[Black "Spence,D"]
[Result "1/2-1/2"]
[WhiteElo "2337"]
[BlackElo "2198"]
[EventDate "2008.01.22"]

1. Nf3 Nf6 2. c4 e6 3. Nc3 Bb4 4. Qc2 c5 5. a3 Ba5 6. d4 cxd4 7. Nxd4 Bxc3+
8. Qxc3 O-O 9. Bg5 d5 10. Bxf6 Qxf6 11. cxd5 exd5 12. Rc1 Bd7 13. e3 Nc6
14. Nxc6 Qxc3+ 15. Rxc3 Bxc6 16. f3 d4 17. exd4 Rad8 18. Rc4 Rd6 19. Kd2
Rfd8 20. Kc2 Bb5 21. Rc7 Bc6 22. Bc4 Rxd4 23. Bxf7+ Kh8 24. Bc4 1/2-1/2

[Event "6th Gibtelecom Masters"]
[Site "Gibraltar ENG"]
[Date "2008.01.30"]
[Round "9"]
[White "Almond,R"]
[Black "Ramaswamy,A"]
[Result "1-0"]
[WhiteElo "2107"]
[BlackElo "2322"]
[EventDate "2008.01.22"]

1. d4 Nf6 2. c4 e6 3. Nc3 Bb4 4. Qc2 O-O 5. a3 Bxc3+ 6. Qxc3 b6 7. Bg5 Bb7
8. Nf3 d6 9. Nd2 h6 10. Bh4 Nbd7 11. f3 d5 12. e3 c5 13. dxc5 bxc5 14. Bd3
Ne4 15. Bxd8 Nxc3 16. Ba5 Na4 17. b3 Nab6 18. Bc3 Ba6 19. Ke2 dxc4 20. Nxc4
Nxc4 21. Bxc4 Bxc4+ 22. bxc4 Nb6 23. Rhc1 Rfd8 24. Be1 Rd6 25. Rab1 Rad8
26. Rb3 f6 27. Rc2 Kf7 28. Bf2 a6 29. Be1 R8d7 30. Ba5 Na4 31. Rc1 e5 32.
Rcb1 Ke6 33. Rb7 Rd3 34. Rxd7 Rxd7 35. Rb8 Kf7 36. g4 Kg6 37. h4 h5 38. Rb1
e4 39. gxh5+ Kxh5 40. Be1 exf3+ 41. Kxf3 Rd3 42. Rb7 Kg6 43. Kf4 Rxa3 44.
e4 Ra1 45. Bd2 Rh1 46. Kg4 Rg1+ 47. Kf3 Kh5 48. Be3 Rg4 49. Rb8 Rg6 50.
Rh8+ Rh6 51. Bxh6 gxh6 52. Rf8 Kg6 53. Rb8 Nc3 54. Rb3 Na2 55. Rb6 Nb4 56.
e5 Kf5 57. e6 Kg6 58. Rb7 a5 59. h5+ 1-0